000 01128 a2200241 4500
001 21674
005 20260407155507.0
008 260407a2006 arg spa d
003 AR-UNSa-BCEJYS
040 _aAR-UNSa-BCEJYS
_bspa
_cAR-UNSa-BCEJYS
080 _a347.74
_xContratos mercantiles (comerciales...leasing))
245 1 0 _aTratamiento fiscal del leasing
_pleasing inmobiliario, leasing de automóviles, operaciones de locación y compraventa, operaciones financieras, sale & lease back
020 _a987-1087-62-4
264 1 _aRosario :
_bNova Tesis
_c2006
300 _a110 p.
_c23 cm.
505 _a1. Aspectos impositivos de la ley 25.248 - 2.Aspectos reglamentarios decreto 1038/00 - 3. Operaciones financieras - 4. Tratamiento del IVA - 5. Régimen del financiamiento del IVA - 6. Sale & lease back - 7. Regímenes de retención.
942 _cBK
590 _aniveau_biblio:m niveau_hierar:0
100 1 _aStok, Leandro
700 1 _aReynoso, Julio C.
700 1 _aSalvo, Mario A.
856 4 1 _uhttps://biblioeco.unsa.edu.ar/pmb/images/libros/Tratamiento Fiscal del Leasing.jpg
_yImagen de portada
_qimage/jpeg
999 _c841
_d841